000 00223nam a2200085Ia 4500
245 0 _aThe widows of Eastwick
100 _a UPDIKE, John Oxford, 2009
_986395
942 _cBK
008 210817s9999 xx 000 0 und d
999 _c330061
_d330060